Nádcha Fejtónovým perom

Bibliographic Details
Main Author: Cvrček, Matej (Author)
Format: Article
Language:Slovak
Subjects:

MARC

LEADER 00000nab a2200000 a 4500
001 vtls000108525
003 SK-MaSNL
005 20260303024308.0
008 111104c1982 xo 0 slo
015 |a SNBRB19rr/mm-uuuuu 
035 |a CL0118628 
040 |a SNKBUCL  |b slo  |c SNKBUCL  |e AACR2 
041 0 |a slo 
044 |a xo  |c SK 
080 |a 885.4-7  |2 1981 
100 1 |a Cvrček, Matej  |4 aut  |9 1007514 
245 1 0 |a Nádcha  |b Fejtónovým perom  |c Matej Cvrček 
650 0 7 |a fejtóny humoristické  |2 snkbucl  |9 900451 
655 7 |a články z novín a časopisov  |2 snkbucl  |9 267496 
655 7 |a články z odboru literárna veda a krásna literatúra  |2 snkbucl  |9 770045 
773 0 |t Pravda  |g Roč. 63, č. 25 (30. 1. 1982), s. 5 
850 |a Slovenská národná knižnica v Martine  |a MTA001 
852 |a SNK  |b KIS3GCP 
958 |a RK 
958 |a LX 
992 |a RBX 
999 |c 1639634  |d 1641564